[Event "Basso Veronese-B 2nd"]
[Site "Casaleone"]
[Date "2009.11.14"]
[Round "4"]
[White "You Yi Ning, Francesca"]
[Black "Pasqualetto, Lorenzo"]
[Result "1-0"]
[WhiteElo "1443"]
[BlackElo "1518"]
[PlyCount "115"]
[EventDate "2009.11.07"]
[EventType "swiss"]
[EventRounds "6"]
[EventCountry "ITA"]
[SourceTitle "EXT 2015"]
[Source "ChessBase"]
[SourceDate "2014.11.20"]
[SourceVersion "1"]
[SourceVersionDate "2014.11.20"]
[SourceQuality "1"]

1. e4 e5 2. Nf3 Nc6 3. Bc4 Bc5 4. c3 Nf6 5. d4 exd4 6. cxd4 Bb4+ 7. Bd2 Bxd2+ 8. Nbxd2 d5 9. exd5 Nxd5 10. 0-0 0-0 11. Re1 Nde7 12. Nb3 Bg4 13. Re4 Bf5 14. Re2 Nd5 15. Qd2 Bg4 16. Bxd5 Qxd5 17. Re3 Rad8 18. Rd1 Bxf3 19. Rxf3 Ne7 20. Qc2 Qd6 21. Nc5 b6 22. Nb7 Qc6 23. Qxc6 Nxc6 24. Nxd8 Rxd8 25. Rf4 Nb4 26. a3 Nd5 27. Re4 Kf8 28. Rde1 Nf6 29. Re7 Nd5 30. R7e5 Nf4 31. R5e4 Ne6 32. Rd1 c5 33. d5 Nd4 34. Rde1 Nc2 35. R1e2 Nd4 36. R2e3 Nf5 37. Rd3 Nd4 38. Re5 f6 39. Rh5 Ne2+ 40. Kf1 Nf4 41. Rhh3 Nxh3 42. Rxh3 Rxd5 43. Rxh7 Kg8 44. Rh4 g5 45. Re4 Kf7 46. b4 Rd4 47. Rxd4 cxd4 48. Ke2 Ke6 49. Kd3 Kd5 50. f3 b5 51. g3 Ke6 52. h4 gxh4 53. gxh4 f5 54. h5 Kf6 55. Kxd4 Kg5 56. Ke5 f4 57. h6 Kxh6 58. Kxf4 1-0

[Event "Venice Province-ch 69th"]
[Site "Venice Mestre"]
[Date "2009.02.01"]
[Round "4"]
[White "You Yi Ning, Francesca"]
[Black "Belloni, Umberto"]
[Result "0-1"]
[WhiteElo "1434"]
[BlackElo "1879"]
[PlyCount "66"]
[EventDate "2009.01.30"]
[EventType "swiss"]
[EventRounds "5"]
[EventCountry "ITA"]
[SourceTitle "EXT 2022"]
[Source "ChessBase"]
[SourceDate "2021.10.06"]
[SourceVersion "1"]
[SourceVersionDate "2021.10.06"]
[SourceQuality "1"]

1. e4 e6 2. d4 d5 3. exd5 exd5 4. Nc3 c6 5. Nf3 Bg4 6. Be2 Bd6 7. 0-0 Ne7 8. Re1 Bxf3 9. Bxf3 Qc7 10. g3 Nd7 11. b3 0-0-0 12. Ne2 Nf6 13. Bf4 Ng6 14. Bxd6 Qxd6 15. c4 Kb8 16. Nc3 dxc4 17. bxc4 Qxd4 18. Qb3 Ne5 19. Bg2 Nd3 20. Re2 Ng4 21. Rb1 b6 22. c5 Ngxf2 23. Kf1 Nxc5 24. Qxf7 Rhf8 25. Nb5 cxb5 26. Re7 Rxf7 27. Rxf7 Qc4+ 28. Kxf2 Qxf7+ 29. Ke3 Rd3+ 30. Ke2 Qxa2+ 31. Ke1 Qxb1+ 32. Ke2 Qc2+ 33. Ke1 Rd1# 0-1